| 000 | 00451nam a2200169Ia 4500 | ||
|---|---|---|---|
| 003 | GCL | ||
| 008 | 140319s9999 xx 000 0 eng d | ||
| 040 |
_aGCL / _cGCL |
||
| 082 | 0 | 4 |
_aCH _b823 _bF W |
| 100 | 1 | _aFROEBEL-KAN CO | |
| 245 | 1 | 0 |
_aTHE WISE DOG AND THE CUNNING FOX / _cFROEBEL-KAN CO |
| 260 |
_a[S.N] : _bFROEBEL- KAN CO ، _c1971 |
||
| 650 | 0 | 4 | _aENGLISH LITERATURE |
| 650 | 0 | 4 | _aCHILDREN |
| 650 | 0 | 4 | _aCHILDREN - FICTION |
| 942 |
_2ddc _cBK |
||
| 999 |
_c15075 _d15075 |
||